000 00292nam a22001217a 4500
008 180205b xxu||||| |||| 00| 0 eng d
041 _aeng
080 _a82
100 _a22
101 _agju
245 _athe doubleday rogets thsaurus in dictionary
_csindney.i.l
942 _2udc
_cBK
999 _c41793
_d41793